000 00359nam a2200157Ia 4500
008 230711s9999||||xx |||||||||||||| ||und||
020 _a978-0-140-12258-9
041 _aENG
082 _a800
_bDA-F
100 _aDas,Gurcharan
245 2 _aA fine family
260 _c1990
_aNew Delhi
_bPenguin Books
300 _a347
650 _aLiterature
942 _cBK
999 _c5280
_d5280